Zisťovanie príčin pracovných úrazov
Na minha lista:
| Autor principal: | |
|---|---|
| Formato: | Livro |
| Idioma: | eslovaco |
| Publicado em: |
Bratislava
Práca
1989
|
| Colecção: | Knižnica bezpečnosti práce
Zv. 3/89 |
| Tags: |
Sem tags, seja o primeiro a adicionar uma tag!
|
MARC
| LEADER | 00000nam a2200000 4500 | ||
|---|---|---|---|
| 001 | c034954 | ||
| 005 | 20250916122807.3 | ||
| 041 | 0 | |a slo | |
| 044 | |a SK | ||
| 245 | 1 | 0 | |a Zisťovanie príčin pracovných úrazov |c Kamila Šilhová |
| 264 | 1 | |a Bratislava |b Práca |c 1989 | |
| 300 | |a 57 s. | ||
| 490 | 1 | |a Knižnica bezpečnosti práce |v Zv. 3/89 | |
| 830 | 0 | |a Knižnica bezpečnosti práce |v Zv. 3/89 | |
| 100 | 1 | |a Šilhová, Kamila | |